সমাজবিজ্ঞান সমীক্ষণ / (Record no. 43973)
[ view plain ]
| 000 -LEADER | |
|---|---|
| fixed length control field | 00903nam a2200253 a 4500 |
| 001 - CONTROL NUMBER | |
| control field | 43973 |
| 003 - CONTROL NUMBER IDENTIFIER | |
| rucl marc code | BD-RjUL |
| 005 - DATE AND TIME OF LATEST TRANSACTION | |
| control field | 20211209053758.0 |
| 008 - FIXED-LENGTH DATA ELEMENTS--GENERAL INFORMATION | |
| fixed length control field | 160630s1984 bg ||||| |||| 00| 0 ben d |
| 020 ## - INTERNATIONAL STANDARD BOOK NUMBER | |
| Terms of availability | : Tk. 65.00 |
| 035 ## - SYSTEM CONTROL NUMBER | |
| System control number | (BD-RjUL)44091 |
| 040 ## - CATALOGING SOURCE | |
| Original cataloging agency | BD-RjUL |
| Language of cataloging | ben |
| Transcribing agency | BD-RjUL |
| 041 ## - LANGUAGE CODE | |
| Language code of text/sound track or separate title | ben |
| 082 ## - DEWEY DECIMAL CLASSIFICATION NUMBER | |
| Edition number | 23 |
| Classification number | 306.095492 |
| Author mark and year | KAS 1984 |
| 100 ## - MAIN ENTRY--PERSONAL NAME | |
| Personal name | করিম, নাজমুল. |
| 9 (RLIN) | 135068 |
| 245 10 - TITLE STATEMENT | |
| Title | সমাজবিজ্ঞান সমীক্ষণ / |
| Statement of responsibility, etc. | করিম, নাজমুল. |
| 250 ## - EDITION STATEMENT | |
| Edition statement | ৩য় সং. |
| 260 ## - PUBLICATION, DISTRIBUTION, ETC. (IMPRINT) | |
| Place of publication, distribution, etc. | ঢাকা : |
| Name of publisher, distributor, etc. | নওরোজ কিতাবিস্তান, |
| Date of publication, distribution, etc. | ১৯৮৪ |
| 300 ## - PHYSICAL DESCRIPTION | |
| Pagination | ৩১২ পৃ. ; |
| Size | ২১ সেমি |
| 650 ## - SUBJECT ADDED ENTRY--TOPICAL TERM | |
| Topical term or geographic name as entry element | সংস্কৃতি ও প্রতিষ্ঠান |
| 9 (RLIN) | 135069 |
| Topical term or geographic name as entry element | Culture and institutions |
| 9 (RLIN) | 135070 |
| Topical term or geographic name as entry element | Bangladesh |
| General subdivision | Social conditions. |
| 9 (RLIN) | 135149 |
| 942 ## - ADDED ENTRY ELEMENTS (KOHA) | |
| Source of classification or shelving scheme | Dewey Decimal Classification |
| Koha item type | Books |
| Lost status | Source of classification or shelving scheme | Damaged status | Not for loan | Collection code | Permanent Location | Current Location | Shelving location | Date acquired | Source of acquisition | Cost, normal purchase price | Total Checkouts | Full call number | Date last seen | Date checked out | Copy number | Koha item type |
|---|---|---|---|---|---|---|---|---|---|---|---|---|---|---|---|---|
| Dewey Decimal Classification | Non-fiction | Central Library, University of Rajshahi | Central Library, University of Rajshahi | 06/08/1984 | Emperical Books, Rajshahi | 65.00 | 3 | B 306.095492 KAS 1984 | 21/07/2025 | 03/07/2025 | C-2 | Books | ||||
| Dewey Decimal Classification | Non-fiction | Central Library, University of Rajshahi | Central Library, University of Rajshahi | 06/08/1984 | Books, Malopara, Rajshahi | 60.00 | 1 | B 306.095492 KAS 1984 | 06/05/2019 | 05/05/2019 | C-3 | Books | ||||
| Dewey Decimal Classification | Non-fiction | Central Library, University of Rajshahi | Central Library, University of Rajshahi | 06/08/1984 | Books, Malopara, Rajshahi | 65.00 | B 306.095492 KAS 1984 | 06/08/2016 | C-4 | Books |